Modelirovanije processov gidrosfery almosfery i bližnego kosma /

Salvato in:
Dettagli Bibliografici
Altri autori: Bufal, V.V (Compilatore)
Natura: Libro
Lingua:russo
Pubblicazione: Novosibirsk : Nauka, 1985
Tags: Aggiungi Tag
Nessun Tag, puoi essere il primo ad aggiungerne!!

MARC

LEADER 00000nam a22000003a 4500
001 stu86520
005 20150617225628.6
008 040430s1985------------------------rus-d
040 |a STU  |b slo 
041 0 |a rus 
080 |a 519.711.3 
080 |a 556.06 
100 1 |a Bufal, V.V.  |4 com 
245 1 |a Modelirovanije processov gidrosfery almosfery i bližnego kosma /  |c Red.: Bufal, V.V 
260 |a Novosibirsk :  |b Nauka,  |c 1985 
300 |a 178 s 
996 |b E59746  |c E*59746  |l EE03  |s P  |a 0  |w stu86520_0001